000 01116cam a22002174a 4500
005 20250605163944.0
008 250528s ||||||||||||||||||||||||d
035 _a15139
040 _aGR-AtMCL
_bgre
_dGR-AtMCL
_eAACR2
245 1 _aReadings in International Business / Third Edition
250 _a3rd
260 _bCedarwood Press,
_c2000
300 _a218
505 0 _aIntroduction, International Business and Environmental Data, The International Financial System, Behavioral Factors in International Business, Governments and Multinational Firms, International Management, Multinational Firms in Third World and Centrally Planned Economies, What Might Have Been.
520 _aIntroduction, International Business and Environmental Data, The International Financial System, Behavioral Factors in International Business, Governments and Multinational Firms, International Management, Multinational Firms in Third World and Centrally Planned Economies, What Might Have Been.
700 1 _aFarmer N. Richard
_9995
700 1 _aLombardi V. John
_9996
942 _cBK
999 _c733
_d733